000 01320nam a2200337 a 4500
001 ebr10632237
003 CaPaEBR
006 m u
007 cr cn|||||||||
008 120711s2013 vtu sb 001 0 eng d
010 _z 2012026018
020 _z9781409450559 (hardcover : alk. paper)
020 _z9781409450566 (e-book)
040 _aCaPaEBR
_cCaPaEBR
035 _a(OCoLC)820720007
050 1 4 _aPN3499
_b.M83 2013eb
082 0 4 _a809.3/034
_223
100 1 _aMucignat, Rosa.
245 1 0 _aRealism and space in the novel, 1795-1869
_h[electronic resource] :
_bimagined geographies /
_cby Rosa Mucignat.
260 _aBurlington, Vt. :
_bAshgate,
_c2013.
300 _a181 p.
504 _aIncludes bibliographical references and index.
533 _aElectronic reproduction.
_bPalo Alto, Calif. :
_cebrary,
_d2011.
_nAvailable via World Wide Web.
_nAccess may be limited to ebrary affiliated libraries.
650 0 _aFiction
_y19th century
_xHistory and criticism.
650 0 _aRealism in literature.
650 0 _aSpace and time in literature.
650 0 _aGeography in literature.
655 7 _aElectronic books.
_2local
710 2 _aebrary, Inc.
856 4 0 _uhttp://site.ebrary.com/lib/rucke/Doc?id=10632237
_zAn electronic book accessible through the World Wide Web; click to view
999 _c52316
_d52316